Maternal-newborn nursing : (Record no. 20215)
[ view plain ]
| 000 -LEADER | |
|---|---|
| fixed length control field | 01868cam a22003135a 4500 |
| 001 - CONTROL NUMBER | |
| control field | 17653261 |
| 005 - DATE AND TIME OF LATEST TRANSACTION | |
| control field | 20150921152556.0 |
| 008 - FIXED-LENGTH DATA ELEMENTS--GENERAL INFORMATION | |
| fixed length control field | 130308t2014 paua frbd 001 0 eng d |
| 020 ## - INTERNATIONAL STANDARD BOOK NUMBER | |
| International Standard Book Number | 9780803637047 (hbk. : alk. paper) |
| 040 ## - CATALOGING SOURCE | |
| Original cataloging agency | DNLM/DLC |
| Transcribing agency | DLC |
| Modifying agency | DLC |
| -- | EG-ScBUE |
| Language of cataloging | eng |
| 050 00 - LIBRARY OF CONGRESS CALL NUMBER | |
| Classification number | RG951 |
| Item number | .D87 2010 |
| 082 04 - DEWEY DECIMAL CLASSIFICATION NUMBER | |
| Classification number | 618.20231 |
| Edition number | 22 |
| Item number | DUR |
| 100 1# - MAIN ENTRY--PERSONAL NAME | |
| Personal name | Durham, Roberta F. |
| 9 (RLIN) | 38434 |
| 245 10 - TITLE STATEMENT | |
| Title | Maternal-newborn nursing : |
| Remainder of title | the critical components of nursing care / |
| Statement of responsibility, etc | Roberta F. Durham, Linda Chapman. |
| 250 ## - EDITION STATEMENT | |
| Edition statement | 2nd ed. |
| 260 ## - PUBLICATION, DISTRIBUTION, ETC. (IMPRINT) | |
| Place of publication, distribution, etc | Philadelphia : |
| Name of publisher, distributor, etc | F. A. Davis Company, |
| Date of publication, distribution, etc | c.2014. |
| 300 ## - PHYSICAL DESCRIPTION | |
| Extent | xxiv, 578 p. : |
| Other physical details | ill. (col.) ; |
| Dimensions | 29 cm . |
| 500 ## - GENERAL NOTE | |
| General note | Index : p. 569-578.<br/> |
| 500 ## - GENERAL NOTE | |
| General note | Glossary : p. 551-578.<br/> |
| 500 ## - GENERAL NOTE | |
| General note | Rev. ed. of: Maternal-newborn nursing / Linda Chapman, Roberta F. Durham. c2010. |
| 504 ## - BIBLIOGRAPHY, ETC. NOTE | |
| Bibliography, etc | Includes bibliographical references. |
| 505 0# - FORMATTED CONTENTS NOTE | |
| Formatted contents note | Trends and issues -- Ethics and standards of practice issues -- Genetics, conception, fetal development, and reproductive technology -- Physiological aspects of antepartum care -- The psycho-social-cultural aspects of the antepartum period -- Antepartal tests -- High-risk antepartum nursing care -- Intrapartum assessment and interventions -- Fetal heart rate assessment -- High-risk labor and birth -- Intrapartum and postpartum care of the cesarean birth families -- Postpartum physiological assessments and nursing care -- Transition to parenthood -- High-risk postpartum nursing care -- Physiological and behavioral responses of the neonate -- Discharge planning and teaching -- High-risk neonatal nursing care -- Well women's health -- Alterations in women's health. |
| 650 #7 - SUBJECT ADDED ENTRY--TOPICAL TERM | |
| Topical term or geographic name as entry element | Maternal-Child Nursing. |
| Source of heading or term | BUEsh |
| 9 (RLIN) | 12164 |
| 650 #0 - SUBJECT ADDED ENTRY--TOPICAL TERM | |
| Topical term or geographic name as entry element | Perinatal Care. |
| Source of heading or term | BUEsh |
| 651 ## - SUBJECT ADDED ENTRY--GEOGRAPHIC NAME | |
| Source of heading or term | BUEsh |
| 653 ## - INDEX TERM--UNCONTROLLED | |
| Resource For college | Nursing |
| Arrived date list | July2015 |
| -- | September2015 |
| 700 1# - ADDED ENTRY--PERSONAL NAME | |
| Personal name | Chapman, Linda, |
| Dates associated with a name | 1949- |
| 942 ## - ADDED ENTRY ELEMENTS (KOHA) | |
| Source of classification or shelving scheme | Dewey Decimal Classification |
| Withdrawn status | Lost status | Source of classification or shelving scheme | Damaged status | Not for loan | Koha collection | Home library | Current library | Shelving location | Date acquired | Source of acquisition | Cost, normal purchase price | Serial Enumeration / chronology | Total Checkouts | Total Renewals | Full call number | Barcode | Date last seen | Date last borrowed | Cost, replacement price | Koha item type |
|---|---|---|---|---|---|---|---|---|---|---|---|---|---|---|---|---|---|---|---|---|
| Dewey Decimal Classification | Baccah | Central Library | Central Library | First floor | 06/07/2015 | Purchase | 467.00 | 22353 | 3 | 47 | 618.20231 DUR | 000039347 | 15/07/2025 | 09/09/2020 | 584.00 | Book - Borrowing |